| 000 | 00605nam a2200205 4500 | ||
|---|---|---|---|
| 001 | 118943 | ||
| 003 | ES-MaACL | ||
| 007 | t| | ||
| 008 | 070214s1953 sp r ||||1| spa d | ||
| 100 | 1 |
_aPicard, Charles. _991770 |
|
| 245 | 1 | 3 |
_aLa vida en la Grecia clásica / _cCharles Picard ; versión española de M. de Mitrani. |
| 250 | _a1ª ed. española. | ||
| 260 |
_aBarcelona [etc.] : _bSalvat, _c1953. |
||
| 300 |
_a144 p. ; _c17 cm. |
||
| 490 | 1 |
_aSurco ; _v81 |
|
| 700 | 1 |
_aMitrani, M. de. _981704 |
|
| 830 | 0 |
_aSurco ; _v81 _9181374 |
|
| 852 |
_aES-MaACL _jC-6150 _bR.35150 |
||
| 999 |
_c118943 _d118943 |
||